Úvod do konštruovania. Predpisovanie presnosti rozmerov, geometrie a drsnosti povrchu súčiastok /

Salvato in:
Dettagli Bibliografici
Autore principale: Čillík, Ladislav (Autore)
Natura: Libro
Lingua:slovacco
Pubblicazione: Žilina : Vysoká škola dopravy a spojov, 1995
Edizione:1. vyd.
Tags: Aggiungi Tag
Nessun Tag, puoi essere il primo ad aggiungerne!!

MARC

LEADER 00000nam a22000003a 4500
001 stu33001
005 20150617225733.1
008 970709s1995----xo------------------slo-d
020 |a 80-7100-300-X 
040 |a STU  |b slo 
041 0 |a slo 
044 |a xo 
080 |a 621.001.66 
100 1 |a Čillík, Ladislav  |4 aut 
245 1 |a Úvod do konštruovania. Predpisovanie presnosti rozmerov, geometrie a drsnosti povrchu súčiastok /  |c [aut.] Čillík,Ladislav 
250 |a 1. vyd. 
260 |a Žilina :  |b Vysoká škola dopravy a spojov,  |c 1995 
300 |a 102 s 
996 |b J93131  |c J*93131  |l JJK2  |s P  |a 0  |w stu33001_0001